Aquinas on God : (Record no. 6316)

MARC details
000 -LEADER
fixed length control field 00718nam a22002057a 4500
003 - CONTROL NUMBER IDENTIFIER
control field OSt
005 - DATE AND TIME OF LATEST TRANSACTION
control field 20251125161606.0
008 - FIXED-LENGTH DATA ELEMENTS--GENERAL INFORMATION
fixed length control field 251125b |||||||| |||| 00| 0 eng d
020 ## - INTERNATIONAL STANDARD BOOK NUMBER
International Standard Book Number 0-7546-0755-0.
040 ## - CATALOGING SOURCE
Original cataloging agency DWCL-Main lib
Transcribing agency OC
082 ## - DEWEY DECIMAL CLASSIFICATION NUMBER
Classification number Circ. 231.092 V435a 2006
100 ## - MAIN ENTRY--PERSONAL NAME
Personal name Velde, Rudi Te
245 ## - TITLE STATEMENT
Title Aquinas on God :
Remainder of title the divine science of the Summa Theologiae
Statement of responsibility, etc. Velde, Rudi Te
260 ## - PUBLICATION, DISTRIBUTION, ETC.
Place of publication, distribution, etc. England :
Name of publisher, distributor, etc. Ashgate Publishing Limited,
Date of publication, distribution, etc. c2006.
300 ## - PHYSICAL DESCRIPTION
Extent viii, 192 pages ;
Dimensions 23 cm.
504 ## - BIBLIOGRAPHY, ETC. NOTE
Bibliography, etc. note Includes bibliographical references and index.
650 ## - SUBJECT ADDED ENTRY--TOPICAL TERM
Source of heading or term 1. God-History of doctrines-Middle ages.
650 ## - SUBJECT ADDED ENTRY--TOPICAL TERM
Source of heading or term 2. Thomas, Aquinas, Saint, 122?-1274.Summa theologica.
942 ## - ADDED ENTRY ELEMENTS (KOHA)
Source of classification or shelving scheme Dewey Decimal Classification
Koha item type Book Circulation
Call number prefix Circ.
Suppress in OPAC No
952 ## - LOCATION AND ITEM INFORMATION (KOHA)
--
Holdings
Withdrawn status Lost status Source of classification or shelving scheme Damaged status Not for loan Home library Current library Shelving location Date acquired Source of acquisition Total Checkouts Full call number Barcode Date last seen Copy number Price effective from Koha item type Uniform Resource Identifier
    Dewey Decimal Classification     College Library College Library Circulation 06/23/2008 School Fund   Circ. 231.092 V435a 2006 CL45904 11/25/2025 c1 11/25/2025 BK-CIRC